El año litúrgico (Record no. 64486)

MARC details
000 -LEADER
campo de control de longitud fija 00572nam a2200169 i 4500
001 - NÚMERO DE CONTROL
campo de control 64486
003 - IDENTIFICADOR DE NÚMERO DE CONTROL
campo de control ES-MaACL
005 - FECHA Y HORA DE LA ÚLTIMA TRANSACCIÓN
campo de control 20230906165135.0
007 - CAMPO FIJO DE DESCRIPCIÓN FÍSICA--INFORMACIÓN GENERAL
campo de control de longitud fija t|
008 - DATOS DE LONGITUD FIJA--INFORMACIÓN GENERAL
campo de control de longitud fija 031224s1946 sp ||||1| spa d
100 1# - ENTRADA PRINCIPAL--NOMBRE DE PERSONA
Nombre de persona Font, Lamberto.
9 (RLIN) 51543
245 13 - MENCIÓN DEL TÍTULO
Título El año litúrgico
Resto del título : explicación del gráfico de los Evangelios y fiestas /
Mención de responsabilidad, etc. Lamberto Font ; prólogo de José Mª Carbó.
260 ## - PUBLICACIÓN, DISTRIBUCIÓN, ETC.
Lugar de publicación, distribución, etc. Barcelona :
Nombre del editor, distribuidor, etc. J. G. Seise y Barral Hermanos,
Fecha de publicación, distribución, etc. 1946.
300 ## - DESCRIPCIÓN FÍSICA
Extensión 98 p., 1 lám. ;
Dimensiones 24 cm.
700 1# - ENTRADA AGREGADA--NOMBRE PERSONAL
Nombre de persona Carbó, José María.
9 (RLIN) 35018
852 ## - LOCALIZACIÓN
Ubicación ES-MaACL
Número de control de estantería F-8246
Sublocalización o colección R.23372
Holdings
Estatus retirado Estado de pérdida Estado de daño No para préstamo Biblioteca de origen Biblioteca actual Ubicación en estantería Fecha de adquisición Fuente de adquisición Total de préstamos Signatura topográfica completa Código de barras Visto por última vez Precio de reemplazo Tipo de ítem Koha
        Biblioteca del Ateneo de Madrid Biblioteca del Ateneo de Madrid Sala Pecera Planta 2 17/01/2008     F-8246 1067574 23/02/2023 23/02/2023 Libro impreso